| 000 | 00618nam a22001817a 4500 | ||
|---|---|---|---|
| 005 | 20251108164212.0 | ||
| 008 | 250721s2001 xx 000 0 ara d | ||
| 082 | 1 | 4 | _a658.15/جمي |
| 100 | 1 | _aالجميل، سرمد كوكب | |
| 245 | 1 | 0 |
_aالإتجاهات الحديثة في مالية الأعمال الدولية : _bمدخل في تحليل الخيارات المالية... / |
| 264 | 1 |
_aعمان : _bدار الحامد، _c2001. |
|
| 300 | _a298ص | ||
| 650 | 1 | 7 | _aالإدارة المالية |
| 650 | 1 | 7 | _aالإستثمارات |
| 650 | 1 | 7 | _aالشركات |
| 942 |
_2ddc _cBK |
||
| 999 |
_c6239 _d6239 |
||